000 00728nam a2200229Ia 4500
005 20230712104744.0
008 210716s1984 xx 000 0 und d
040 _cAIMIT LIBRARY
041 _aeng
082 _a005.43 KOCS
100 _aKochan, Stephen G.
_9126523
245 _aExploring the unix system /
_cBy Stephen G and Wood, Patrick M.
250 _a1st ed.
260 _aNew Delhi :
_bCBS Publishers and Distributors ,
_c1984.
300 _a367 p.;
_bPB
_c25 cm.
650 _aUnix file system
_9126524
650 _aold shell game
_9126525
650 _aAdministrating your system
_9126526
650 _aOverview of commands
_9126527
700 _aWood, Patrick H.
_9126528
942 _2ddc
_cBK
_e1st
_k005.43 KOCS
999 _c182152
_d182152